000 00745nam a2200229Ia 4500
001 1859
003 GE_BSU
008 181216s||||||||xx |||||||||||||| ||und||
020 _a5699179798
040 _cGE_BSU
080 _a342.4(1-87)(075.8)
100 _aГоловистикова, А. Н; Грудцына,Л.Ю; Мальшев,В.А;.
245 _aКонституционное право зарубежных стран.В таблицах исхемах.б
245 _bУчебное пособие
260 _aМосква
260 _bЭксмо
260 _c2006
300 _a200с. 20 см.
541 _h6 л.
653 _aКонституционное право зарубежных стран.
942 _cBK
999 _c35960
_d35960